Mojej školskej mame - Obchodnej fakulte k jej životnému jubileu

Spomienky pani docentky Zorkóciovej na jej študentské časy a ľudí, čo ho formovali.

Salvato in:
Dettagli Bibliografici
Autore principale: Zorkóciová, Otília, 1954-
Natura: Capitolo di libro
Lingua:slovacco
Soggetti:
Tags: Aggiungi Tag
Nessun Tag, puoi essere il primo ad aggiungerne!!

MARC

LEADER 00000naa$a2200000$$$4500
001 0259621
005 20240502074115.9
041 0 |a slo 
044 |a SK 
245 1 0 |a Mojej školskej mame - Obchodnej fakulte k jej životnému jubileu  |c Otília Zorkóciová 
520 |a Spomienky pani docentky Zorkóciovej na jej študentské časy a ľudí, čo ho formovali. 
610 2 0 |a fakulty 
610 2 0 |a ekonómia 
610 2 0 |a školy vysoké 
610 2 0 |a osobnosť 
100 1 |a Zorkóciová, Otília, 1954-